000 00702nam a2200217Ia 4500
008 191130s2007##################000#0#eng##
020 _a9780335219254
040 _aACL
_cACL
082 _a362.1068 SAL
245 _aDecentralization in health care
_cedited by Richerd B. Saltman, Vaida Bankauskaite and Karsten Vrangbaek
260 _aMaidenhead
_bOpen University Press
_c2007
300 _axxiv, 298 p. ; 23 cm
500 _aIncludes index
650 _aPublic health administration--Decentralization
700 _aBankauskaite, Vaida
700 _aSaltman, Richerd B
700 _aVrangbaek, Karsten
990 _ae3e3e400ac10000c13d654c792d0f822
991 _a373357
999 _c145969
_d145969